| 000 | 00000nas##2200000za#4500 |
| 001 | 9.504107 |
| 003 | CaOODSP |
| 005 | 20200325094658 |
| 007 | cr ||||||||||| |
| 008 | 150406c2011||||xxc|| p o||||f| |0fre|d |
| 040 | |aCaOODSP|bfre |
| 043 | |an-cn--- |
| 086 | 1 |aIN3-16/10-1F-PDF |
| 110 | 1 |aCanada. |bBureau du surintendant des institutions financières Canada. |bBureau de l'actuaire en chef. |
| 245 | 10|aRapport actuariel, modifiant le rapport actuariel sur le régime de retraite de la fonction publique du Canada ... |h[ressource électronique] |
| 260 | |aOttawa - Ontario : |bBureau du surintendant des institutions financières. |c[2013]-. |
| 310 | |aIrrégulier |
| 362 | 1 |a[Au 31 mars 2011]- |
| 691 | 07|aFonction publique|2gcpds |
| 691 | 07|aPension|2gcpds |
| 775 | 08|tActuarial report, updating the actuarial report on the pension plan for the Public Service of Canada ... |w(CaOODSP)9.507727 |